00828 2200313 4500001002100000005001500021035002000036007000300056040001800059100002800077245003500105250001100140300003700151020001800188041000800206082000800214084002000222090002000242264003600262336002100298337003000319338002300349500002900372650001200401700003200413850001000445008004100455990001800496INLIS00000000000980920260413012045 a0010-0123000136ta aSBPUSPADbind0 aRose HerlinaePengarang1 aIPA (Bio) SMP /cRose Herliana aCet. 1 aviii, 172 hlm :bilus., ;c19 cm a979-3034-60-207aind a570 a570 ROS z T15-4 a27-1b570 ROS z aJakarta :bKawan Pustaka,c2004 2rdacontentaTeks 2rdamediaatanpa perantara 2rdacarrieravolume aBiodata Penulis, hlm 172 4aBiologi0 aIlustrator, UcokePengarang aPUPAD260413 0  a13866/BR/2010